000
00309nam a22001337a 4500
020
_a
9789381302934
082
_a
660.2
_b
LAL/AG
100
_a
Lal,C
_9
737
100
_a
Nasim,S.A
_9
738
245
_a
Agricultural Biotechnology
260
_a
New Delhi
_b
Axis Books Pvt. Ltd.
_c
2013
300
_a
276
942
_c
BK
999
_c
14445
_d
14445